000 00301 a2200109 4500
090 _c4398
_d4398
100 _aSusan L. Brock
245 _aBetter Business Writing
_bTechniques for Improing Correspondence
250 _a3rd ed
260 _aViva Books
_bNew Delhi
_c2004
942 _aNBS
_cBK
_k808.06665 BRO
999 _c346843
_d346843